000 00306nam a22001337a 4500
008 181203b xxu||||| |||| 00| 0 eng d
020 _a9780470430668
041 _aeng
080 _a573
100 _a11
101 _aBIO
245 _aMolecular & Cell Biology for Dummies
_cKratz,R.F
942 _2udc
_cBK
999 _c52722
_d52722